000 00537nam a2200217Ia 4500
003 OSt
005 20220928141722.0
006 a|||||r|||| 00| 0
007 ta
008 220927b |||||||| |||| 00| 0 eng d
024 _a17096
037 _cTextual
040 _aSDCL
_cSDCL
_beng
041 _2eng
_aeng
082 _aO15vN, K5
100 _aAggarwal H R
_9501783
245 0 _aShort history of Sanskrit literature.
260 _c1965
942 _hO15vN, K5
_cTEXL
_2CC
999 _c819419
_d819419